[Event "II. CLANSKA LIGA ZAHOD 2024"]
[Site "Komenda"]
[Date "2024.11.24"]
[Round "8.1"]
[White "Juhant, Igor"]
[Black "Jocev, Milan"]
[Result "0-1"]
[WhiteElo "1985"]
[BlackElo "2246"]
[PlyCount "46"]
[EventDate "2024.11.15"]
[WhiteTeam "SK KOMENDA"]
[BlackTeam "SK TRZIN"]

1. e4 e5 2. Nc3 Nf6 3. f4 d5 4. fxe5 Nxe4 5. Nf3 Bc5 6. d4 Bb4 7. Bd2 c5 8. a3
Bxc3 9. bxc3 Bg4 10. Rb1 cxd4 11. cxd4 Nc6 12. Bb5 Bxf3 13. Qxf3 O-O 14. Qe3 f6
15. Bxc6 bxc6 16. O-O fxe5 17. dxe5 Rxf1+ 18. Rxf1 Qb6 19. Kh1 Rf8 20. Rxf8+
Kxf8 21. Qf4+ Ke7 22. h3 Qf2 23. Bb4+ c5 0-1

[Event "II. CLANSKA LIGA ZAHOD 2024"]
[Site "Komenda"]
[Date "2024.11.24"]
[Round "8.1"]
[White "Jacob, Tobias"]
[Black "Ogradi, Gregor"]
[Result "1/2-1/2"]
[WhiteElo "2094"]
[BlackElo "1972"]
[PlyCount "93"]
[EventDate "2024.11.15"]
[WhiteTeam "SK TRZIN"]
[BlackTeam "SK KOMENDA"]

1. d4 d6 2. c4 e5 3. Nc3 exd4 4. Qxd4 Nf6 5. Bg5 Be7 6. e4 Be6 7. Nd5 Nc6 8.
Qc3 Nxd5 9. Qxg7 Bf6 10. cxd5 Bxg7 11. Bxd8 Bxb2 12. Rb1 Bc3+ 13. Kd1 Nxd8 14.
dxe6 fxe6 15. f4 c5 16. Nf3 b6 17. Kc2 Bg7 18. Bb5+ Ke7 19. a4 Rc8 20. g4 Nc6
21. f5 Nb4+ 22. Kb3 a6 23. Bc4 d5 24. exd5 exd5 25. Rhe1+ Kf8 26. Bf1 h6 27.
Re6 Kf7 28. Rbe1 Rhe8 29. g5 Rxe6 30. Rxe6 hxg5 31. Nxg5+ Kf8 32. Be2 Rc6 33.
Bh5 Rxe6 34. Nxe6+ Kg8 35. a5 bxa5 36. Nxc5 Nc6 37. Bg6 Nd4+ 38. Ka4 Nf3 39.
Bh5 Nh4 40. Bg6 Be5 41. Kxa5 Nxg6 42. fxg6 Kg7 43. h3 Kxg6 44. Kxa6 Kh5 45. Kb5
Kh4 46. Kc6 Kxh3 47. Kxd5 1/2-1/2

[Event "II. CLANSKA LIGA ZAHOD 2024"]
[Site "Komenda"]
[Date "2024.11.24"]
[Round "8.1"]
[White "Babarovic, Fran"]
[Black "Krupenko, Peter"]
[Result "0-1"]
[WhiteElo "1757"]
[BlackElo "1923"]
[PlyCount "158"]
[EventDate "2024.11.15"]
[WhiteTeam "SK KOMENDA"]
[BlackTeam "SK TRZIN"]

1. e4 e5 2. Bc4 Nc6 3. d3 d6 4. c3 Na5 5. Bb5+ Bd7 6. Bxd7+ Qxd7 7. Nf3 Nf6 8.
O-O h6 9. Re1 g6 10. d4 Nc6 11. d5 Ne7 12. c4 b6 13. Nc3 Bg7 14. b4 a5 15. Qb3
O-O 16. a3 Nh5 17. bxa5 Rxa5 18. Ne2 f5 19. Ng3 Nf4 20. Bd2 Raa8 21. Ra2 fxe4
22. Rxe4 g5 23. Bxf4 Rxf4 24. Qd3 Raf8 25. Rae2 Qe8 26. Rxf4 gxf4 27. Nf1 Qg6
28. Qxg6 Nxg6 29. N1d2 Ra8 30. Nb1 Ra4 31. Nfd2 Nf8 32. f3 Nd7 33. Re1 Nc5 34.
Rc1 Kf7 35. Ne4 Ke7 36. Rc3 Kd7 37. Nbd2 c6 38. dxc6+ Kxc6 39. Nxc5 Kxc5 40.
Ne4+ Kc6 41. Kf2 Bf8 42. Nf6 Be7 43. Nd5 Bd8 44. Ke2 Kc5 45. Nb4 Be7 46. Kd3
Bh4 47. Ke2 h5 48. Nd5 Rxc4 49. Rxc4+ Kxc4 50. Nxb6+ Kb3 51. Nc8 d5 52. Nb6 d4
53. Nd7 Be7 54. Nxe5 Kc3 55. a4 Bd6 56. Nd3 Bc7 57. a5 Bxa5 58. Nxf4 Bc7 59.
Nd3 Bxh2 60. f4 Bg3 61. f5 Bh4 62. Nf4 Bg5 63. Nd3 Kc4 64. Ne5+ Kd5 65. Nf3 Bf6
66. Kd3 h4 67. Ke2 Ke4 68. Nd2+ Kf4 69. Kf2 Kxf5 70. Kf3 Bg5 71. Nf1 Bf4 72.
Ke2 Ke4 73. Kf2 d3 74. Ke1 Kd4 75. Kd1 Kc3 76. Ke1 Kc2 77. Kf2 Kd1 78. Kf3 Ke1
79. Ke4 Kxf1 0-1

[Event "II. CLANSKA LIGA ZAHOD 2024"]
[Site "Komenda"]
[Date "2024.11.24"]
[Round "8.1"]
[White "Krumpak, Hinko"]
[Black "Novakovic, Gosto"]
[Result "1-0"]
[WhiteElo "2002"]
[BlackElo "1789"]
[PlyCount "95"]
[EventDate "2024.11.15"]
[WhiteTeam "SK TRZIN"]
[BlackTeam "SK KOMENDA"]

1. Nf3 Nf6 2. g3 Nc6 3. c4 e6 4. Bg2 d6 5. O-O d5 6. b3 d4 7. d3 e5 8. b4 Bxb4
9. Nxe5 Nxe5 10. Qa4+ c6 11. Qxb4 Qe7 12. Qxe7+ Kxe7 13. Ba3+ Kd8 14. Bc5 Ned7
15. Bxd4 h5 16. Nd2 h4 17. Ne4 Nxe4 18. Bxe4 f6 19. Rab1 c5 20. Be3 Rb8 21. a4
a5 22. d4 Re8 23. Bf3 Rxe3 24. fxe3 b6 25. Bc6 Kc7 26. Bxd7 Bxd7 27. dxc5 Re8
28. cxb6+ Kb7 29. Kf2 Re5 30. Rfd1 Rf5+ 31. Ke1 Bc6 32. Rb5 Bxb5 33. cxb5 hxg3
34. hxg3 Rg5 35. Kf2 Rf5+ 36. Kg2 Re5 37. Kf3 Rf5+ 38. Ke4 Rg5 39. Kf4 Rc5 40.
Rd4 g5+ 41. Kg4 Rc2 42. Kf5 Rb2 43. Kxf6 Rxe2 44. Rc4 Rxe3 45. g4 Rb3 46. Kxg5
Rb4 47. Rf4 Kxb6 48. Kf5 1-0

[Event "II. CLANSKA LIGA ZAHOD 2024"]
[Site "Komenda"]
[Date "2024.11.24"]
[Round "8.1"]
[White "Novakovic, Julian"]
[Black "Suhadolnik, Jernej"]
[Result "1-0"]
[WhiteElo "1892"]
[BlackElo "1913"]
[PlyCount "55"]
[EventDate "2024.11.15"]
[WhiteTeam "SK KOMENDA"]
[BlackTeam "SK TRZIN"]

1. d4 b5 2. Bg5 Bb7 3. f3 h6 4. Bh4 Nf6 5. e4 a6 6. Nc3 b4 7. Nb1 c5 8. dxc5 e5
9. Bf2 Qa5 10. a3 Nc6 11. Nd2 Bxc5 12. Bxc5 Qxc5 13. Nc4 O-O 14. Qd6 Qa7 15.
axb4 Ne8 16. Qc5 Qb8 17. Nb6 d6 18. Qc3 f5 19. Bc4+ Rf7 20. Nxa8 Qxa8 21. Bxf7+
Kxf7 22. b5 Nd4 23. Qc4+ d5 24. exd5 Bxd5 25. Qc5 Nxb5 26. c4 Nd4 27. Qxd5+
Qxd5 28. cxd5 1-0

[Event "II. CLANSKA LIGA ZAHOD 2024"]
[Site "Komenda"]
[Date "2024.11.24"]
[Round "8.2"]
[White "Skrbec, Leon"]
[Black "Buha, Drago"]
[Result "1-0"]
[WhiteElo "2237"]
[BlackElo "1957"]
[PlyCount "89"]
[EventDate "2024.11.15"]
[WhiteTeam "SK POSTOJNA"]
[BlackTeam "SD RADOVLJICA"]

1. d4 d5 2. c4 Nf6 3. cxd5 Qxd5 4. Nc3 Qa5 5. Nf3 e6 6. Bd2 Qf5 7. e3 c6 8. Rc1
Be7 9. Ne5 Ne4 10. Nxe4 Qxe4 11. Qh5 Qf5 12. Qxf5 exf5 13. Bc4 Be6 14. O-O O-O
15. b4 a6 16. h3 Bf6 17. Nd3 Nd7 18. Rfd1 Nb6 19. Bxe6 fxe6 20. Nc5 Rab8 21.
Nxe6 Rfe8 22. Nf4 Rbd8 23. g4 fxg4 24. hxg4 Bg5 25. Nd3 Be7 26. f4 Nd5 27. Kf2
Rf8 28. Kf3 Nc7 29. Be1 Ne6 30. Nc5 Ng5+ 31. Ke2 Bxc5 32. dxc5 Ne6 33. Bg3 Nc7
34. e4 Nb5 35. Ke3 Rfe8 36. Rxd8 Rxd8 37. a4 Nd4 38. f5 Nb3 39. Rc3 Nd2 40. Bd6
Re8 41. Kxd2 Rxe4 42. Re3 Rxe3 43. Kxe3 Kf7 44. Kf4 h6 45. Ke5 1-0

[Event "II. CLANSKA LIGA ZAHOD 2024"]
[Site "Komenda"]
[Date "2024.11.24"]
[Round "8.2"]
[White "Pretnar, Bostjan"]
[Black "Cepon, Dusan"]
[Result "0-1"]
[WhiteElo "1831"]
[BlackElo "2066"]
[PlyCount "166"]
[EventDate "2024.11.15"]
[WhiteTeam "SD RADOVLJICA"]
[BlackTeam "SK POSTOJNA"]

1. d4 Nf6 2. Nc3 d5 3. Bf4 Bf5 4. e3 e6 5. Bd3 Bg6 6. Nf3 Be7 7. Ne5 a6 8. h4
c5 9. h5 Bxd3 10. Qxd3 h6 11. g4 Nc6 12. dxc5 Qa5 13. a3 Nxe5 14. Bxe5 Qxc5 15.
Bd4 Qc6 16. f4 Nxg4 17. Bxg7 Rg8 18. Bd4 f5 19. Qe2 Rc8 20. O-O-O b5 21. Rhg1
b4 22. axb4 Bxb4 23. Na2 Be7 24. Rd3 Kf7 25. Rc3 Qb7 26. Rd3 Qb5 27. Rd2 Qc6
28. Rd3 Qc4 29. Kb1 Bf6 30. Rd2 Qxe2 31. Rxe2 Bxd4 32. exd4 Nf6 33. Rge1 Ne4
34. Nb4 Rg4 35. Nxa6 Rxf4 36. Nc5 Rh4 37. Nd3 Rxh5 38. Rg2 Rg5 39. Rh2 h5 40.
Reh1 Rh8 41. Ne5+ Kg7 42. Nf3 Rg3 43. Ne5 Nf6 44. Rh4 Rc8 45. Nd3 Rg4 46. Nf4
Rxh4 47. Rxh4 Kf7 48. Rh3 Rh8 49. Kc1 h4 50. b4 Ne4 51. b5 Ng5 52. Rh2 Nf3 53.
Rh1 Nxd4 54. b6 Rb8 55. Rxh4 Rxb6 56. c3 Nb3+ 57. Kc2 Nc5 58. Rh6 Rc6 59. Kb2
Rd6 60. Kc2 d4 61. cxd4 Rxd4 62. Nh3 Kg7 63. Rh5 Rg4 64. Kd1 Ne4 65. Ke1 Ng3
66. Rg5+ Rxg5 67. Nxg5 e5 68. Nf3 Kf6 69. Kf2 Ne4+ 70. Ke3 Ng5 71. Nd2 f4+ 72.
Kf2 Kf5 73. Nf1 e4 74. Nh2 e3+ 75. Ke2 Ke4 76. Ng4 f3+ 77. Ke1 Nf7 78. Nf6+ Kd3
79. Ng4 Kd4 80. Nh2 Ne5 81. Kd1 Ke4 82. Kc1 f2 83. Kd1 Kd3 0-1

[Event "II. CLANSKA LIGA ZAHOD 2024"]
[Site "Komenda"]
[Date "2024.11.24"]
[Round "8.2"]
[White "Hrescak, Ivana"]
[Black "Prestrl, Jozef"]
[Result "1/2-1/2"]
[WhiteElo "2078"]
[BlackElo "1875"]
[PlyCount "61"]
[EventDate "2024.11.15"]
[WhiteTeam "SK POSTOJNA"]
[BlackTeam "SD RADOVLJICA"]

1. d4 d5 2. c4 c6 3. Nf3 g6 4. Nc3 Nf6 5. Bf4 Bg7 6. e3 O-O 7. h3 b6 8. Ne5 Bb7
9. Qb3 e6 10. Bg5 h6 11. Bh4 g5 12. Bg3 Nbd7 13. cxd5 cxd5 14. Bb5 Nxe5 15.
Bxe5 Ne8 16. Rd1 Nc7 17. Be2 Bxe5 18. dxe5 Qe7 19. Qc2 Rac8 20. h4 Kg7 21. hxg5
Qxg5 22. Rd4 Qxe5 23. Rg4+ Kf6 24. Rxh6+ Ke7 25. Qa4 a6 26. Rh7 Ne8 27. Qb4+
Qd6 28. Rh6 Qxb4 29. Rxb4 Rc6 30. a4 Nd6 31. Rf4 1/2-1/2

[Event "II. CLANSKA LIGA ZAHOD 2024"]
[Site "Komenda"]
[Date "2024.11.24"]
[Round "8.2"]
[White "Kocevar, Tugomir"]
[Black "Pridigar, Lovro"]
[Result "1/2-1/2"]
[WhiteElo "1818"]
[BlackElo "2058"]
[PlyCount "69"]
[EventDate "2024.11.15"]
[WhiteTeam "SD RADOVLJICA"]
[BlackTeam "SK POSTOJNA"]

1. e4 c5 2. c3 Nc6 3. Nf3 d6 4. d4 Nf6 5. d5 Ne5 6. Nxe5 dxe5 7. Bb5+ Bd7 8.
Bxd7+ Qxd7 9. Qe2 e6 10. c4 Bd6 11. Nc3 O-O 12. O-O exd5 13. cxd5 h6 14. a4 Nh7
15. f4 f5 16. fxe5 Bxe5 17. Be3 b6 18. exf5 Bxc3 19. bxc3 Qxd5 20. Rad1 Qc6 21.
Qc4+ Kh8 22. g4 Rae8 23. Bf4 Re4 24. Qd5 Qxd5 25. Rxd5 Nf6 26. Re5 Rxe5 27.
Bxe5 Nxg4 28. Bd6 Rd8 29. Be7 Rd7 30. f6 Nxf6 31. Bxf6 gxf6 32. Rxf6 Kg7 33.
Rc6 Rd1+ 34. Kf2 Rd2+ 35. Kg1 1/2-1/2

[Event "II. CLANSKA LIGA ZAHOD 2024"]
[Site "Komenda"]
[Date "2024.11.24"]
[Round "8.2"]
[White "Markovcic, Gregor"]
[Black "Torkar, Boris"]
[Result "1-0"]
[WhiteElo "1531"]
[BlackElo "1882"]
[PlyCount "83"]
[EventDate "2024.11.15"]
[WhiteTeam "SK POSTOJNA"]
[BlackTeam "SD RADOVLJICA"]

1. d4 d5 2. Bf4 Bf5 3. Nf3 e6 4. e3 Nf6 5. c4 c6 6. Qb3 Qc8 7. Nc3 Be7 8. Rc1
dxc4 9. Bxc4 O-O 10. O-O Nbd7 11. Nh4 Ne4 12. Nxf5 exf5 13. Nxe4 fxe4 14. d5
Nc5 15. Qa3 b5 16. Bxb5 cxb5 17. d6 b4 18. Qxb4 Nd3 19. Rxc8 Nxb4 20. Rxa8 Rxa8
21. dxe7 Nd3 22. Bc7 f6 23. Bd8 Kf7 24. b3 Rc8 25. a4 Rc2 26. Rb1 Rxf2 27. b4
Ra2 28. a5 a6 29. h3 Ra4 30. b5 axb5 31. Rxb5 Ne5 32. Kh2 Nc6 33. Rc5 Ne5 34.
Rc8 Nd3 35. Ra8 h5 36. a6 Nb4 37. Bb6 Kxe7 38. Bc5+ Kf7 39. a7 Nd3 40. Rf8+ Kg6
41. Bd4 f5 42. a8=Q 1-0

[Event "II. CLANSKA LIGA ZAHOD 2024"]
[Site "Komenda"]
[Date "2024.11.24"]
[Round "8.3"]
[White "Bratovic, Blaz"]
[Black "Skoberne, Jure"]
[Result "0-1"]
[WhiteElo "2320"]
[BlackElo "2540"]
[PlyCount "112"]
[EventDate "2024.11.15"]
[WhiteTeam "SD GORENJKA LESCE"]
[BlackTeam "SD POSOCJE"]

1. e4 c5 2. Nf3 Nc6 3. Bb5 e6 4. Bxc6 bxc6 5. d3 Ne7 6. Nbd2 f6 7. e5 fxe5 8.
Nxe5 d6 9. Nef3 Ng6 10. h4 Be7 11. h5 Nf4 12. h6 g6 13. Nc4 O-O 14. g3 Nd5 15.
Bg5 e5 16. Bxe7 Qxe7 17. Nfd2 Nc7 18. Nb3 a5 19. a4 Ne6 20. Qe2 Rb8 21. Ncd2 c4
22. dxc4 c5 23. O-O-O Qb7 24. Ne4 Nd4 25. Nxd4 Qxb2+ 26. Kd2 Qxd4+ 27. Ke1 Qb2
28. Nxd6 Qc3+ 29. Qd2 Qxd2+ 30. Kxd2 Bg4 31. Ke3 Rf3+ 32. Ke4 Rxf2 33. Rb1 Rd8
34. Rb6 Re2+ 35. Kd3 e4+ 36. Kc3 Re3+ 37. Kb2 Re2 38. Rh4 Bf3 39. Rf4 Rf8 40.
Rxf8+ Kxf8 41. Rb7 Rd2 42. Rf7+ Kg8 43. Rg7+ Kf8 44. Rf7+ Kg8 45. Rd7 Kf8 46.
Rf7+ Kg8 47. Rf6 Rh2 48. Nb7 Rxh6 49. Nxc5 Kg7 50. Ra6 Rh3 51. Ne6+ Kh6 52. Ra7
Rxg3 53. Nf8 e3 54. Rxh7+ Kg5 55. Ne6+ Kf6 56. Nf4 e2 0-1

[Event "II. CLANSKA LIGA ZAHOD 2024"]
[Site "Komenda"]
[Date "2024.11.24"]
[Round "8.3"]
[White "Srebrnic, Marko"]
[Black "Mencinger, Vojko"]
[Result "1-0"]
[WhiteElo "2343"]
[BlackElo "2276"]
[PlyCount "39"]
[EventDate "2024.11.15"]
[WhiteTeam "SD POSOCJE"]
[BlackTeam "SD GORENJKA LESCE"]

1. e4 c5 2. Nf3 Nc6 3. Bb5 g6 4. O-O Bg7 5. Bxc6 dxc6 6. h3 e5 7. d3 Qe7 8. a4
Nf6 9. Be3 Nd7 10. Qd2 h6 11. Na3 f5 12. exf5 gxf5 13. Rfe1 Qe6 14. Bf4 e4 15.
dxe4 fxe4 16. Rxe4 Qxe4 17. Re1 Qxe1+ 18. Qxe1+ Kf7 19. Nc4 Rf8 20. Nd6+ 1-0

[Event "II. CLANSKA LIGA ZAHOD 2024"]
[Site "Komenda"]
[Date "2024.11.24"]
[Round "8.3"]
[White "Pavlin, Damijan"]
[Black "Podlesnik, Bogdan"]
[Result "0-1"]
[WhiteElo "1961"]
[BlackElo "2287"]
[PlyCount "120"]
[EventDate "2024.11.15"]
[WhiteTeam "SD GORENJKA LESCE"]
[BlackTeam "SD POSOCJE"]

1. d4 Nf6 2. Nf3 e6 3. e3 c5 4. Bd3 d5 5. b3 Nc6 6. Bb2 Bd6 7. Nbd2 Qe7 8. Ne5
cxd4 9. exd4 Ba3 10. Nxc6 bxc6 11. Bxa3 Qxa3 12. O-O O-O 13. Nf3 c5 14. c3 Bb7
15. Re1 Rac8 16. Qd2 Rc7 17. Qf4 Rfc8 18. dxc5 Rxc5 19. c4 a5 20. Ne5 R5c7 21.
Ng4 Nxg4 22. Qxg4 Ba6 23. Qh3 g6 24. cxd5 Rc3 25. dxe6 Bxd3 26. exf7+ Kg7 27.
Qd7 Qf8 28. Rad1 Rd8 29. Qa7 Bf5 30. Rxd8 Qxd8 31. f8=Q+ Kxf8 32. Qxh7 Qf6 33.
h3 Rc8 34. g4 Be6 35. Qh6+ Kg8 36. Qe3 Bf7 37. Qe5 Qf3 38. Qe3 Qxe3 39. Rxe3
Rc2 40. a3 Rb2 41. Re5 Rxb3 42. Rxa5 Rxh3 43. Kg2 Rd3 44. f4 Kg7 45. Kf2 Kf6
46. Ra6+ Be6 47. f5 gxf5 48. gxf5 Kxf5 49. Ke2 Rh3 50. Kd2 Bb3 51. Ra8 Ke4 52.
Rb8 Bc4 53. Kc2 Kd4 54. Rd8+ Bd5 55. Rc8 Rh2+ 56. Kb1 Bc4 57. Rf8 Kc3 58. Rf3+
Bd3+ 59. Ka1 Rd2 60. Rg3 Kb3 0-1

[Event "II. CLANSKA LIGA ZAHOD 2024"]
[Site "Komenda"]
[Date "2024.11.24"]
[Round "8.3"]
[White "Biti, Ozren"]
[Black "Kelbl, Jakob"]
[Result "1-0"]
[WhiteElo "2284"]
[BlackElo "1919"]
[PlyCount "113"]
[EventDate "2024.11.15"]
[WhiteTeam "SD POSOCJE"]
[BlackTeam "SD GORENJKA LESCE"]

1. e4 c5 2. d3 Nc6 3. g3 g6 4. Bg2 Bg7 5. f4 e6 6. Nf3 Nge7 7. O-O O-O 8. c3 d5
9. e5 b6 10. Na3 a6 11. Nc2 Bb7 12. Qe2 Rc8 13. Be3 Qc7 14. Bf2 Rfd8 15. g4 h6
16. Rac1 d4 17. c4 b5 18. b3 Na5 19. Nce1 bxc4 20. bxc4 Bc6 21. Nd2 Rb8 22.
Bxc6 Qxc6 23. Ne4 Rb4 24. Nf3 Rdb8 25. Be1 Rb2 26. Rc2 Rxc2 27. Qxc2 Qb6 28.
Qf2 h5 29. Nf6+ Bxf6 30. exf6 hxg4 31. Ne5 Nf5 32. Nd7 Qb7 33. Nxb8 Ne3 34.
Bxa5 Nxf1 35. Qxf1 Qxb8 36. Be1 Qb1 37. a4 Qd1 38. a5 Qc1 39. Kg2 Qe3 40. Bg3
Qd2+ 41. Bf2 Qxf4 42. Qe2 Qxf6 43. Qxg4 Qe5 44. Qg3 Qf6 45. h4 e5 46. Qf3 Qe6
47. Bg3 f5 48. Qd5 Qxd5+ 49. cxd5 e4 50. dxe4 fxe4 51. Bd6 d3 52. Kf2 c4 53.
Bb4 Kf7 54. Ke3 Kf6 55. Kxe4 g5 56. hxg5+ Kxg5 57. Ke5 1-0

[Event "II. CLANSKA LIGA ZAHOD 2024"]
[Site "Komenda"]
[Date "2024.11.24"]
[Round "8.3"]
[White "Lanjscek, Miha"]
[Black "Beletic, Danijel"]
[Result "0-1"]
[WhiteElo "1857"]
[BlackElo "2276"]
[PlyCount "64"]
[EventDate "2024.11.15"]
[WhiteTeam "SD GORENJKA LESCE"]
[BlackTeam "SD POSOCJE"]

1. d4 Nf6 2. c4 c5 3. dxc5 e6 4. Be3 Na6 5. Nf3 Nxc5 6. a3 b6 7. g3 Bb7 8. b4
Nce4 9. Nbd2 a5 10. bxa5 Rxa5 11. Bg2 Bxa3 12. O-O Bc5 13. Bxc5 bxc5 14. Nxe4
Nxe4 15. Qb3 Ba8 16. Qd3 O-O 17. Rfd1 d5 18. Nd2 Nxf2 19. Kxf2 Rxa1 20. Rxa1
Qf6+ 21. Nf3 Qxa1 22. h4 h6 23. g4 dxc4 24. Qxc4 Bxf3 25. Kxf3 Qd4 26. Qc2 f5
27. gxf5 Rxf5+ 28. Kg3 Qf4+ 29. Kh3 Rh5 30. Bf3 Rxh4+ 31. Kg2 Rh2+ 32. Kf1
Qxf3+ 0-1

[Event "II. CLANSKA LIGA ZAHOD 2024"]
[Site "Komenda"]
[Date "2024.11.24"]
[Round "8.3"]
[White "Hozjan, Erik"]
[Black "Primozic, Lovro"]
[Result "1-0"]
[WhiteElo "1926"]
[BlackElo "1603"]
[PlyCount "31"]
[EventDate "2024.11.15"]
[WhiteTeam "SD POSOCJE"]
[BlackTeam "SD GORENJKA LESCE"]

1. e4 e5 2. Nf3 Nc6 3. Bc4 Bc5 4. c3 Nf6 5. d4 exd4 6. cxd4 Bb4+ 7. Nc3 d5 8.
exd5 Nxd5 9. O-O Bxc3 10. bxc3 O-O 11. Qd3 h6 12. Bb3 Nf6 13. Re1 Ne7 14. Ne5
c6 15. Qf3 Ng6 16. Nxg6 1-0

[Event "II. CLANSKA LIGA ZAHOD 2024"]
[Site "Komenda"]
[Date "2024.11.24"]
[Round "8.4"]
[White "Sajn, Simon"]
[Black "Vodnik, Val"]
[Result "1/2-1/2"]
[WhiteElo "2102"]
[BlackElo "1793"]
[PlyCount "100"]
[EventDate "2024.11.15"]
[WhiteTeam "SK RIMEX ILIRSKA BISTRICA"]
[BlackTeam "SD VRHNIKA"]

1. d4 d5 2. Bf4 Nf6 3. e3 c5 4. Nc3 a6 5. dxc5 Nc6 6. Nf3 Bg4 7. Be2 e6 8. Na4
Nd7 9. O-O Nxc5 10. c4 dxc4 11. Nxc5 Bxc5 12. Bxc4 O-O 13. Be2 Qe7 14. Rc1 Rfd8
15. Qa4 Bh5 16. a3 Bd6 17. Rfd1 Bxf4 18. Qxf4 Rxd1+ 19. Rxd1 Rd8 20. Rxd8+ Qxd8
21. g4 Bg6 22. Ne5 Nxe5 23. Qxe5 Bc2 24. Bf3 b6 25. Kg2 h6 26. h4 Bd1 27. Bxd1
Qxd1 28. Qd4 Qxd4 29. exd4 Kf8 30. Kf3 Ke7 31. Ke4 Kd6 32. f3 g5 33. hxg5 hxg5
34. a4 a5 35. b3 f6 36. f4 gxf4 37. Kxf4 Kc6 38. Ke4 b5 39. axb5+ Kxb5 40. Kd3
Kb4 41. Kc2 a4 42. bxa4 Kxa4 43. Kc3 Kb5 44. Kb3 Kc6 45. Kc4 Kd6 46. Kc3 e5 47.
Kd3 Kd5 48. dxe5 Kxe5 49. Ke3 f5 50. gxf5 Kxf5 1/2-1/2

[Event "II. CLANSKA LIGA ZAHOD 2024"]
[Site "Komenda"]
[Date "2024.11.24"]
[Round "8.4"]
[White "Praznik, Nikolaj"]
[Black "Ursic, Aleksander"]
[Result "0-1"]
[WhiteElo "1517"]
[BlackElo "1915"]
[PlyCount "42"]
[EventDate "2024.11.15"]
[WhiteTeam "SD VRHNIKA"]
[BlackTeam "SK RIMEX ILIRSKA BISTRICA"]

1. e4 c5 2. Nf3 d6 3. d4 cxd4 4. Nxd4 Nf6 5. Bb5+ Bd7 6. Bxd7+ Nbxd7 7. Nc3 g6
8. O-O Bg7 9. Bf4 O-O 10. Re1 e5 11. Ndb5 exf4 12. Nxd6 Qe7 13. Nxb7 Qb4 14.
Nd6 Qxb2 15. Qd3 Qb6 16. e5 Ng4 17. e6 fxe6 18. Rxe6 Nxf2 19. Qd5 Nh3+ 20. Kh1
Qg1+ 21. Rxg1 Nf2# 0-1

[Event "II. CLANSKA LIGA ZAHOD 2024"]
[Site "Komenda"]
[Date "2024.11.24"]
[Round "8.5"]
[White "Zupancic, Urban"]
[Black "Rozman, Mitja"]
[Result "1/2-1/2"]
[WhiteElo "2071"]
[BlackElo "1995"]
[PlyCount "88"]
[EventDate "2024.11.15"]
[WhiteTeam "SD KRKA NOVO MESTO"]
[BlackTeam "DRUSTVO TOMO ZUPAN"]

1. e4 e5 2. Nf3 Nc6 3. Bb5 Nge7 4. Nc3 Ng6 5. d4 exd4 6. Nxd4 Bc5 7. Be3 Nxd4
8. Bxd4 Qg5 9. g3 O-O 10. h4 Qe7 11. Bxc5 Qxc5 12. Qe2 a6 13. Bd3 Ne5 14. O-O-O
d6 15. f3 Bd7 16. g4 b5 17. h5 b4 18. Nd5 Bb5 19. Kb1 c6 20. Ne3 b3 21. axb3
Bxd3 22. cxd3 Qb5 23. Nc4 Qxb3 24. Nxe5 dxe5 25. Qc2 Qxc2+ 26. Kxc2 f6 27. Ra1
Rfb8 28. Ra5 Kf7 29. Rha1 Rb6 30. R1a4 Ke6 31. Kc3 Kd6 32. b4 Kc7 33. Kc4 Rd8
34. Rxa6 Rd4+ 35. Kc3 Rdxb4 36. Ra7+ Rb7 37. Rxb7+ Rxb7 38. Kc4 Rb5 39. Ra7+
Rb7 40. Ra8 Rb8 41. Ra5 Rb1 42. Ra7+ Rb7 43. Ra8 Rb8 44. Ra7+ Rb7 1/2-1/2

[Event "II. CLANSKA LIGA ZAHOD 2024"]
[Site "Komenda"]
[Date "2024.11.24"]
[Round "8.5"]
[White "Demsar, Maks"]
[Black "Rifelj, Luka"]
[Result "1-0"]
[WhiteElo "1958"]
[BlackElo "1962"]
[PlyCount "81"]
[EventDate "2024.11.15"]
[WhiteTeam "DRUSTVO TOMO ZUPAN"]
[BlackTeam "SD KRKA NOVO MESTO"]

1. e4 c5 2. Nf3 d6 3. d4 cxd4 4. Nxd4 Nf6 5. Nc3 a6 6. h3 e6 7. g4 Be7 8. Bg2
Qc7 9. Be3 Nc6 10. O-O O-O 11. Qd2 Rb8 12. f4 Nxd4 13. Bxd4 b5 14. g5 Nd7 15.
f5 b4 16. Ne2 e5 17. Be3 Bb7 18. f6 gxf6 19. gxf6 Nxf6 20. Bh6 Nxe4 21. Qd3 d5
22. Bxe4 Qb6+ 23. Kh2 Qxh6 24. Bxd5 e4 25. Bxf7+ Rxf7 26. Qg3+ Qg7 27. Qxb8+
Rf8 28. Rxf8+ Qxf8 29. Rg1+ Kh8 30. Qxf8+ Bxf8 31. Rg4 Bg7 32. c3 bxc3 33. Nxc3
Bf6 34. Kg1 a5 35. Kf2 Bd4+ 36. Ke1 Bc6 37. Rg5 Bb6 38. Re5 Bc7 39. Rc5 Bg3+
40. Ke2 Bb7 41. Rxa5 1-0

[Event "II. CLANSKA LIGA ZAHOD 2024"]
[Site "Komenda"]
[Date "2024.11.24"]
[Round "8.5"]
[White "Salmanov, Samir"]
[Black "Mlacnik, Franc"]
[Result "1-0"]
[WhiteElo "2001"]
[BlackElo "1963"]
[PlyCount "47"]
[EventDate "2024.11.15"]
[WhiteTeam "SD KRKA NOVO MESTO"]
[BlackTeam "DRUSTVO TOMO ZUPAN"]

1. e4 d6 2. d4 Nf6 3. Nc3 e5 4. dxe5 dxe5 5. Qxd8+ Kxd8 6. Bg5 Be6 7. O-O-O+
Nbd7 8. f4 exf4 9. e5 h6 10. Bxf4 Ng4 11. Bg3 Bb4 12. Nf3 Ne3 13. Rd2 Bxc3 14.
bxc3 Bxa2 15. Bd3 Be6 16. Nd4 Ke7 17. Nxe6 fxe6 18. Bg6 Nf5 19. Bf2 Rhd8 20. g4
Nxe5 21. gxf5 Nxg6 22. fxg6 Rxd2 23. Kxd2 Kf6 24. Bd4+ 1-0

[Event "II. CLANSKA LIGA ZAHOD 2024"]
[Site "Komenda"]
[Date "2024.11.24"]
[Round "8.5"]
[White "Bobnar, Samo"]
[Black "Hudoklin, Jurij"]
[Result "1-0"]
[WhiteElo "1939"]
[BlackElo "1635"]
[PlyCount "73"]
[EventDate "2024.11.15"]
[WhiteTeam "DRUSTVO TOMO ZUPAN"]
[BlackTeam "SD KRKA NOVO MESTO"]

1. e4 c6 2. d4 d5 3. f3 dxe4 4. fxe4 e5 5. Nf3 Bg4 6. Bc4 Nd7 7. O-O Ngf6 8. c3
Bh5 9. Bg5 Bd6 10. Nbd2 O-O 11. Qe1 Qc7 12. Qh4 Bg6 13. Rae1 b5 14. Bb3 Rfe8
15. Qh3 c5 16. Kh1 a6 17. a3 Rac8 18. d5 c4 19. Bd1 h6 20. Bxf6 Nxf6 21. Nh4
Bh7 22. Nf5 Bxf5 23. Rxf5 Qb6 24. Ref1 Bf8 25. Bc2 Rc7 26. Qg3 Kh8 27. Nf3 g6
28. Rxe5 Rxe5 29. Qxe5 Re7 30. Qf4 Nh5 31. Qd2 Bg7 32. d6 Re8 33. e5 Kg8 34. g4
Bxe5 35. d7 Rd8 36. Nxe5 Qb7+ 37. Qg2 1-0

[Event "II. CLANSKA LIGA ZAHOD 2024"]
[Site "Komenda"]
[Date "2024.11.24"]
[Round "8.5"]
[White "Radez, Pavel"]
[Black "Smirnov, Maksim"]
[Result "0-1"]
[WhiteElo "1501"]
[BlackElo "1839"]
[PlyCount "138"]
[EventDate "2024.11.15"]
[WhiteTeam "SD KRKA NOVO MESTO"]
[BlackTeam "DRUSTVO TOMO ZUPAN"]

1. e4 c6 2. d4 d5 3. f3 dxe4 4. fxe4 e5 5. Nf3 Be6 6. dxe5 Qxd1+ 7. Kxd1 Nd7 8.
Be3 Ne7 9. Bd3 Ng6 10. Nbd2 Ndxe5 11. Nxe5 Nxe5 12. Nf3 Bd6 13. Bd4 Bg4 14. Ke2
f6 15. h3 Bh5 16. g4 Nxf3 17. Kxf3 Bg6 18. e5 fxe5 19. Bxg6+ hxg6 20. Bc3 O-O-O
21. Rae1 Rhf8+ 22. Kg2 Rde8 23. Rhf1 Rxf1 24. Rxf1 Re7 25. Kf3 Rf7+ 26. Ke2
Rxf1 27. Kxf1 Kd7 28. Ke2 Ke6 29. Ke3 Kd5 30. b3 Bc5+ 31. Kd3 e4+ 32. Ke2 Bd4
33. Bb4 c5 34. c4+ Ke5 35. Bd2 e3 36. Be1 Kf4 37. a3 b6 38. b4 a6 39. g5 Kxg5
40. Kf3 Kf5 41. Bg3 Be5 42. Bh4 g5 43. Be1 e2 44. Bd2 Bf6 45. Be1 Be7 46. Bc3
Bf6 47. Be1 Bd4 48. Bg3 Bc3 49. bxc5 e1=Q 50. Bxe1 Bxe1 51. cxb6 Ba5 52. c5 Ke6
53. Kg4 Kd5 54. Kxg5 Kxc5 55. Kg6 Bxb6 56. Kxg7 Kb5 57. Kf6 Bd4+ 58. Kf5 Ka4
59. Ke4 Bh8 60. Kd5 a5 61. Kc4 Bb2 62. h4 Bxa3 63. Kc3 Bf8 64. Kb2 Kb4 65. h5
Bg7+ 66. Ka2 a4 67. Kb1 Kb3 68. h6 Bxh6 69. Ka1 Bg7+ 0-1